| 000 | 00555nam a22001817a 4500 | ||
|---|---|---|---|
| 003 | CEME | ||
| 005 | 20210628204045.0 | ||
| 008 | 210104b xxu||||| |||| 00| 0 eng d | ||
| 020 | _a9693521099 | ||
| 040 | _c. | ||
| 082 | _a891.4393 QAS | ||
| 100 |
_aQasmi, Ahmed Nadeem _925476 |
||
| 245 | _aMajmuah ahmad nadeem qasmi , aanchal, aas pass, bazaar-i-hayat, bagoolay, berg-i-hina, nila pathar, sannatas | ||
| 260 |
_aLAHORE _bSANG-E-MEEL PUB _c2008 |
||
| 300 | _a807P | ||
| 650 |
_aURDU ADAB-SHORT STORIES.URDU ADAB-FICTION _968503 |
||
| 942 |
_cBK _2ddc |
||
| 999 |
_c576066 _d576066 |
||